LEADER 00915nam0-2200289 --450 001 9910371360503321 005 20200211082029.0 010 $a978-88-333-1226-2 100 $a20200211d2019----kmuy0itay5050 ba 101 0 $aita 102 $aIT 105 $a 001yy 200 1 $aStoria della "Strage di Stato"$epiazza Fontana: la strana vicenda di un libro e di un attentato$fAldo Giannuli 210 $aMilano$cPonte alle Grazie$d2019 215 $a173 p.$d21 cm 225 1 $aInchieste$v49 610 0 $aAttentati politici$aMilano$a1969 610 0 $aMilano$aStrage di piazza fontana. 1969 676 $a364.1310945211$v21$zita 700 1$aGiannuli,$bAldo$f<1952- >$0330273 801 0$aIT$bUNINA$gREICAT$2UNIMARC 901 $aBK 912 $a9910371360503321 952 $aCOLLEZ. 2584 (49)$b705/2020$fFSPBC 959 $aFSPBC 996 $aStoria della "Strage di Stato"$91668595 997 $aUNINA LEADER 01255nas 2200409-a 450 001 996417493403316 005 20221206235103.0 035 $a(OCoLC)60619232 035 $a(CKB)110990112631054 035 $a(CONSER)--2007266049 035 $a(EXLCZ)99110990112631054 100 $a20050614b19702007 --- - 101 0 $aeng 135 $aur||||||||||| 181 $ctxt$2rdacontent 182 $cc$2rdamedia 183 $acr$2rdacarrier 200 00$aNorth Carolina Central law journal 210 $a[Durham, N.C.] $c[Published by students of North Carolina Central University School of Law] 215 $a1 online resource (28 volumes) 311 $a0549-7434 517 1 $aN.C. Cent. L.J. 531 $aNORTH CAROL CENTR LAW J 606 $aLaw reviews$zNorth Carolina 606 $aLaw reviews$2fast$3(OCoLC)fst00994120 607 $aNorth Carolina$2fast 608 $aPeriodicals.$2fast 608 $aLaw reviews.$2fast 608 $aLaw reviews.$2lcgft 615 0$aLaw reviews 615 7$aLaw reviews. 676 $a340/.05 712 02$aNorth Carolina Central University.$bSchool of Law. 906 $aJOURNAL 912 $a996417493403316 996 $aNorth Carolina Central law journal$92569085 997 $aUNISA LEADER 01394nas 2200421 c 450 001 9910891997303321 005 20260218112459.0 024 7 $aurn:nbn:de:gbv:3:2-104002 035 $a(CKB)5280000000218239 035 $a(DE-599)ZDB2962786-2 035 $a(OCoLC)940935121 035 $a(DE-101)1178173682 035 $a(DE-599)2962786-2 035 $a(EXLCZ)995280000000218239 100 $a20190215b20072016 |y | 101 0 $ager 135 $aur||||||||||| 181 $ctxt$2rdacontent 182 $cc$2rdamedia 183 $acr$2rdacarrier 200 00$aStatistische Berichte$hC$iLand- und Forstwirtschaft, Fischerei$hII$iAnbaufla?che und Ernte von Feldfru?chten und Gru?nland, Obst und Gemu?se : endgu?ltige Ergebnisse$fStatistisches Landesamt Sachsen-Anhalt 210 31$aHalle (Saale)$cStatistisches Landesamt Sachsen-Anhalt$dMai 2007-April 2016 215 $aOnline-Ressource 300 $aBestellnummer: 6C202 300 $aGesehen am 15.02.2019 517 3 $aStatistische Berichte Sachsen-Anhalt. C 1. C 2 608 $aZeitschrift$2gnd-content 608 $aStatistik$2gnd-content 676 $a630 676 $a310 712 02$aStatistisches Landesamt Sachsen-Anhalt$4isb 801 0$b0003 801 1$bDE-101 801 2$b0355 906 $aJOURNAL 912 $a9910891997303321 996 $aStatistische Berichte$91920339 997 $aUNINA